Dzielnice Kołobrzegu - Statystyki

Ogólne statystyki
  • Ten quiz został rozwiązany 11 razy
  • Średni wynik to 4 z 9
Statystyki odpowiedzi
Litera Dzielnica % Poprawnych
Ś Śródmieście
89%
O Ogrody
67%
R Radzikowo
67%
P Podczele
56%
L Lęborskie
33%
Z Zachodnia
33%
S Solne Zdroje
22%
Z Zamoście
22%
R Rzemieślnicza
0%
Nie znaleziono quizów pasujących do podanych kryteriów
Rozkład punktacji
Procent ludzi z każdym wynikiem
Percentyl według liczby udzielonych odpowiedzi
Twoja historia wyników
Nie rozwiązałeś tego quizu